000 00814nam a22002297a 4500
005 20121207121130.0
008 121207t xxu||||| |||| 00| 0 eng d
010 _aENG-106283
020 _a9788184841909
_c850.00
035 _aEN-89816
037 _bDBAD/PUB
040 _aDPL
_bEng
082 _a331.763
100 _954009
_aChhina, S.S.
245 _aAgricultural labour :
_cby S.S. Chhina
_bproblem and policy implications /
260 _aNew Delhi
_bRegal Publications
_c2012
270 _aF-159 Rajouri Garden
_bNew Delhi
_e110027
300 _axii,228p.
_c23cm(Hb)
500 _aIncludes index
942 _2ddc
_cEN
_mCHH
_h331.763
999 _c71941
_d71941